Profile of the potential benefits from recreational use of a low level weir at Swan Hill /

Saved in:
Bibliographic Details
Corporate Authors: Murray Mallee Development Centre (Vic.), Street Ryan & Associates
Format: Book
Language:English
Published: Swan Hill, Vic. : Murray Mallee Development Centre, 1987.
Subjects:
LEADER 01271nam a22002898a 4500
001 c000058073
003 CARM
005 00000000000000.0
008 870513s1987 vra b 00010 eng d
019 1 |a 5333724  |5 LACONCORD2021 
020 |a 0958775400 :  |c price unknown 
035 |a (OCoLC)219997088  |5 LACONCORD2021 
042 |a anuc 
043 |a u-at-vi 
245 0 0 |a Profile of the potential benefits from recreational use of a low level weir at Swan Hill /  |c Murray Mallee Development Centre and Street Ryan and Associates. 
260 |a Swan Hill, Vic. :  |b Murray Mallee Development Centre,  |c 1987. 
300 |a 1 v. 
500 |a Available from The Executive Officer, Murray Mallee Development Centre, P.O. Box 1284, Swan Hill, Vic. 3585. 
504 |a Bibliography. 
650 0 |a Rivers  |z Victoria  |z Swan Hill  |x Recreational use. 
650 0 |a Reservoirs  |z Victoria  |z Swan Hill  |x Recreational use. 
710 2 0 |a Murray Mallee Development Centre (Vic.) 
710 2 0 |a Street Ryan & Associates. 
852 8 |b CARM  |h A2:AB37D1  |i D00925  |p 0042389  |f BK 
082 0 4 |a 333.78/45/099459  |2 19 
999 f f |i 24aab16c-1da4-55e0-a0f1-47894cbf44ff  |s 75c197d0-26e7-5aef-a226-d7b862e09c5e 
952 f f |p Can circulate  |a CAVAL  |b CAVAL  |c CAVAL  |d CARM 1 Store  |e D00925  |f A2:AB37D1  |h Other scheme  |i book  |m 0042389